Famous bridges in the US - Statistics

General Stats
  • This quiz has been taken 10 times
  • The average score is 3 of 9
Answer Stats
Picture Answer % Correct
Golden Gate Bridge
100%
Brooklyn Bridge
57%
George Washington Bridge
43%
Mackinac bridge
29%
Seven Mile Bridge
29%
Sunshine Skyway Bridge
29%
New River Gorge Bridge
14%
Royal Gorge Bridge
14%
Fort Pitt Bridge
0%
No matching quizzes found
Score Distribution
Percent of People with Each Score
Percentile by Number Answered
Your Score History
You have not taken this quiz